|
|
|
|
| LEADER |
00000nas a2200000 a 4500 |
| 001 |
ssj0000801919 |
| 003 |
WaSeSS |
| 005 |
20200512172242.0 |
| 006 |
m d |
| 007 |
cr n |
| 008 |
110901c20039999rm uu p s | 0eng c |
| 010 |
|
|
|a 2012235454
|
| 016 |
7 |
|
|a 2656508-0
|2 DE-600
|
| 022 |
|
|
|a 2601-2332
|l 1584-2665
|
| 035 |
|
|
|a (WaSeSS)ssj0000801919
|
| 040 |
|
|
|a HNK
|b eng
|c HNK
|d HNK
|d HUL
|d CUS
|d HLS
|d OCLCF
|d OCLCQ
|d CUS
|d AU@
|d SFB
|d WaSeSS
|
| 042 |
|
|
|a pcc
|
| 050 |
|
4 |
|a TA1
|b .A38
|
| 210 |
0 |
|
|a Ann. Fac. Eng. Hunedoara
|b (Online)
|
| 222 |
|
0 |
|a Annals of the Faculty Engineering Hunedoara
|b (Online)
|
| 245 |
0 |
0 |
|a Annals of Faculty Engineering Hunedoara
|h [electronic resource].
|
| 246 |
1 |
|
|a Annals of the Faculty Engineering Hunedoara
|
| 246 |
1 |
|
|a Annals of the Faculty of Engineering Hunedoara
|
| 260 |
|
|
|a Hunedoara, Romania :
|b University of Politehnica Timisoara, Faculty of Engineering Hunedoara
|
| 310 |
|
|
|a Three issues yearly,
|b 2012-
|
| 362 |
1 |
|
|a Began in 2003.
|
| 506 |
|
|
|a License restrictions may limit access.
|
| 588 |
|
|
|a Description based on: Tome 1, fascicole 3 (2003); title from journal home page (publisher's Web site, viewed Oct. 11, 2012.
|
| 588 |
|
|
|a Latest issue consulted: Tome 10, fascicule 3 (2012).
|
| 650 |
|
0 |
|a Engineering
|v Periodicals.
|
| 650 |
|
0 |
|a Engineering
|x Research
|v Periodicals.
|
| 650 |
|
7 |
|a Engineering.
|2 fast
|0 (OCoLC)fst00910312
|
| 650 |
|
7 |
|a Engineering
|x Research.
|2 fast
|0 (OCoLC)fst00910387
|
| 655 |
|
0 |
|a Electronic journals.
|
| 710 |
2 |
|
|a Universitatea "Politehnică" Timișoara.
|b Facultatea de Inginerie Hunedoara.
|
| 770 |
0 |
|
|t Acta technica corviniensis
|x 2067-3809
|w (DLC) 2012235125
|w (OCoLC)748625024
|
| 776 |
0 |
8 |
|i Print version:
|t Annals of the Faculty of Engineering Hunedoara
|x 1584-2665
|
| 856 |
4 |
0 |
|z Full text available from Research Library: 01/01/2011 to present
|u https://search.proquest.com/publication/616472
|